| 000 | 01161nam a22003497a 4500 | ||
|---|---|---|---|
| 001 | 394 | ||
| 003 | FISKH | ||
| 005 | 20231211141228.0 | ||
| 008 | 230406b cb ||||| |||| 00| 0 eng d | ||
| 020 | _a9780545451581 | ||
| 040 |
_aDLC _beng _erda _cDLC _dFISKH |
||
| 042 | _apcc | ||
| 050 | 0 | 0 |
_aQL100 _b.D434 2023 |
| 082 | 0 | 0 |
_a591.6/5 _223 |
| 100 | _aStewart, Melissa | ||
| 245 | 1 | 0 |
_aDeadliest animals on the planet / _cNational Geographic Kids. |
| 264 | 1 |
_aWashington, D.C. : _bNational Geographic Kids, _c2023. |
|
| 300 |
_a48 pages. _c23 cm. |
||
| 336 |
_atext _btxt _2rdacontent |
||
| 337 |
_aunmediated _bn _2rdamedia |
||
| 338 |
_avolume _bnc _2rdacarrier |
||
| 500 | _aIncludes index. | ||
| 505 | _aS | ||
| 520 |
_a"Meet the world's most dangerous animals and mind-blowing stuff about them in this furr-ocious new book"-- _cProvided by publisher. |
||
| 521 |
_a940
_bLexile |
||
| 521 |
_aS
_bRaz-Plus |
||
| 650 | 0 |
_aDangerous animals _vJuvenile literature. |
|
| 710 | 2 | _aNational Geographic Society (U.S.) | |
| 906 |
_a7 _bcbc _corignew _d1 _eecip _f20 _gy-gencatlg |
||
| 942 |
_2ddc _cBK _n0 |
||
| 999 |
_c394 _d394 |
||